Imagier photo - Les aliments (Record no. 157)

MARC details
000 -LEADER
Leader 00945npm a2200181 4500
003 - IDENTIFIANT DE NUMÉRO DE CONTRÔLE
champ de contrôle OSt
005 - DATE ET HEURE DE LA DERNIÈRE TRANSACTION
champ de contrôle 20250405154905.0
007 - CHAMP FIXE DE DESCRIPTION PHYSIQUE -- INFORMATIONS GENERALES
Leader zm
008 - Éléments de longueur fixe - Renseignements généraux
Leader 250401b |||||||| |||| 0| i|fre d
040 ## - SOURCE DE CATALOGAGE
Agence transcriptrice autismepaimpol.fr
245 ## - Titre
Titre Imagier photo - Les aliments
246 ## - Pour qui ? Pour quoi ?
Pour quoi ? Pour qui ? S'approprier le vocabulaire des aliments. Enrichir le lexique. Favoriser les regroupements et les classifications d'aliments.
260 ## - Publication, diffusion, etc. (marque d'éditeur)
Nom de l'éditeur, du diffuseur, etc. NATHAN
Date de publication, de diffusion, etc. 01/05/2015
942 ## - Type d'objet
Type d'objet Cartes Photo
500 ## - Description
Description 3 séries de 35 photos pour s'approprier le vocabulaire des aliments.
520 ## - Abrégé
Abrégé Les 105 images grand format (15 x 12 cm) permettent d'enrichir le lexique des enfants, favorisent les regroupements et les classifications d'aliments.<br/>
562 ## - NOTE D'IDENTIFICATION DE L'EXEMPLAIRE ET DE LA VERSION
Format de présentation Chaque aliment est photographié hors contexte afin de le nommer sans équivoque.<br/>1 boite de rangement avec 3 intercalaires. Dim. 15 x 12 cm.<br/>Nb. de pages 105 pages <br/>Poids 0.935 Kg <br/>Dimensions 13,5 cm × 16,0 cm × 8,0 cm
999 ## -
-- 157
-- 157
Holdings
Statut retiré des collections Statut perdu Source de classification / plan de classement Statut endommagé Exclu du prêt Site de rattachement Site actuel Date d'acquisition Total des prêts Code à barres Vu en dernier Prix effectif de Type de document Koha
    Classification décimale de Dewey     Autisme Paimpol - Matériel Autisme Paimpol - Matériel 01/04/2025   93 01/04/2025 01/04/2025 Cartes Photo

Powered by Koha